Personnalités britanniques - Statistiques

Statistiques générales
  • Ce quiz a été pris 49 fois
    10 depuis la dernière actualisation
  • Le résultat moyen est 22 sur 32
Statistiques - réponses
Par images Hint Réponse % Correct
Romancière J.K. Rowling
100%
Aristocrate Lady Diana
100%
Pilote F1 Lewis Hamilton
100%
Dramaturge William Shakespear
100%
Politique Winston Churchill
100%
Chanteuse Amy Whinehouse
90%
Chanteur Ed Sheeran
90%
chanteur Elton John
90%
Chanteur Freddie Mercury
90%
Femme d'état Margaret Thatcher
90%
Naturaliste Charles Darwin
80%
Footballeur/mannequin David Beckham
80%
Cuisinier Gordon Ramsay
80%
Chanteur Paul Mccartney
80%
Acteur Daniel Radcliffe
70%
chanteur David Bowie
70%
Reine Elizabeth II
70%
Chanteur John Lennon
70%
Acteur Rowan Atkinson
70%
Physicien Stephen Hawking
70%
Mannequin Kate Moss
60%
Mannequin Naomi Campbell
60%
Actrice Audrey Hepburn
50%
Actrice Emilia Clarke
50%
Actrice Kate Winslet
50%
Tennisman Andy Murray
40%
Acteur Idris Elba
40%
Actrice/Chanteuse Jane Birkin
40%
Général Bernard Law Montgomery
30%
Rugbyman Jonny Wilkinson
30%
Journaliste Kate Scott
30%
Athlete Mohamed Farah
30%
Aucun quiz correspondant
Distribution des résultats
% des personnes avec chaque résultat
Percentile par nombre de réponses
Votre historique - résultats
Vous n’avez pas pris ce quiz depuis la dernière actualisation